Cartilla para el servicio que deben prestar las Escuadras de Barcelona redactada por el ... General Comandante Gral. de Somatenes, el Comandante Jefe de las Escuadras y un Capitán de la Guardia Civil ... de fecha 9 de diciembre de 1895 y aprobada por dicha superior autoridad en 29 de febrero de 1896
Descripción Física:
127 p. ; 16 cm
MARC
| LEADER | 00000nam a2200000Ia 4500 | ||
|---|---|---|---|
| 001 | 10533 | ||
| 008 | 160829s1904 xx 000 0 cat d | ||
| 080 | |a M-3-399 | ||
| 245 | |a Cartilla para el servicio que deben prestar las Escuadras de Barcelona redactada por el ... General Comandante Gral. de Somatenes, el Comandante Jefe de las Escuadras y un Capitán de la Guardia Civil ... de fecha 9 de diciembre de 1895 y aprobada por dicha superior autoridad en 29 de febrero de 1896 | ||
| 260 | |a Barcelona : |b (Tip. Casa P. de Caridad), |c 1904 | ||
| 300 | |a 127 p. ; |c 16 cm | ||
| 610 | 0 | |a Catalunya. |b Mossos d'Esquadra |x Història |9 54629 | |
| 901 | |a Arxiu | ||
| 942 | |n 1 | ||
| 952 | |0 0 |1 0 |4 0 |6 M3399 |7 1 |9 49349 |a Arxiu |b Arxiu |d 2016-12-01 |l 0 |o M-3-399 |p 10533 |r 2016-12-01 00:00:00 |w 2016-12-01 |y ARXIU | ||
| 999 | |c 53191 |d 53191 | ||